Briofitas... hepáticas [musgos parte primera] / (Record no. 41824)

MARC details
000 -LEADER
campo de control de longitud fija 01027nam a2200241 i 4500
001 - NÚMERO DE CONTROL
campo de control 41824
003 - IDENTIFICADOR DE NÚMERO DE CONTROL
campo de control ES-MaACL
005 - FECHA Y HORA DE LA ÚLTIMA TRANSACCIÓN
campo de control 20251012192025.0
007 - CAMPO FIJO DE DESCRIPCIÓN FÍSICA--INFORMACIÓN GENERAL
campo de control de longitud fija t|
008 - DATOS DE LONGITUD FIJA--INFORMACIÓN GENERAL
campo de control de longitud fija 030311m19191932sp ||||1| spa d
100 1# - ENTRADA PRINCIPAL--NOMBRE DE PERSONA
Nombre de persona Casares Gil, Antonio.
9 (RLIN) 36165
245 10 - MENCIÓN DEL TÍTULO
Título Briofitas... hepáticas [musgos parte primera] /
Mención de responsabilidad, etc. por A. Casares-Gil ; [con una nota biográfica y un capítulo de generalidades por A. Caballero Segares].
260 ## - PUBLICACIÓN, DISTRIBUCIÓN, ETC.
Lugar de publicación, distribución, etc. Madrid :
Nombre del editor, distribuidor, etc. Museo Nacional de Ciencias Naturales,
Fecha de publicación, distribución, etc. 1919-1932 (
Fabricante Suc. de Hernándo)
300 ## - DESCRIPCIÓN FÍSICA
Extensión 2 v., 5 lám. col. :
Otras características físicas retr. aut. ;
Dimensiones 24 cm.
490 1# - MENCIÓN DE SERIE
Mención de serie Flora ibérica
594 ## - Nota al título y mención de responsabilidad
Nota al título y mención de responsabilidad Precede al tít.: Junta para Ampliación de Estudios e Investigaciones Científicas, Instituto Nacional de Ciencias.
650 #4 - PUNTO DE ACCESO ADICIONAL DE MATERIA--TÉRMINO DE MATERIA
Término de materia o nombre geográfico como elemento de entrada Briofitos-
Subdivisión geográfica España.
9 (RLIN) 169050
700 1# - ENTRADA AGREGADA--NOMBRE PERSONAL
Nombre de persona Caballero y Segares, Arturo
9 (RLIN) 33070
710 2# - ENTRADA AGREGADA--NOMBRE DE ENTIDAD CORPORATIVA
Nombre de entidad corporativa o nombre de jurisdicción como elemento de entrada Museo Nacional de Ciencias Naturales (España)
9 (RLIN) 5897
830 0# - PUNTO DE ACCESO ADICIONAL DE SERIE-TÍTULO UNIFORME
Título uniforme Flora ibérica
9 (RLIN) 229807
852 ## - LOCALIZACIÓN
Ubicación ES-MaACL
Número de control de estantería D-8716-17
Sublocalización o colección R.10948
Holdings
Estatus retirado Estado de pérdida Estado de daño No para préstamo Biblioteca de origen Biblioteca actual Ubicación en estantería Fecha de adquisición Fuente de adquisición Total de préstamos Signatura topográfica completa Código de barras Visto por última vez Precio de reemplazo Tipo de ítem Koha
        Biblioteca del Ateneo de Madrid Biblioteca del Ateneo de Madrid Sala Valle Inclán 17/01/2008     D-8716-17 901044029 23/02/2023 23/02/2023 Libro impreso